000
00278nam a2200109Ia 4500
008
210430s9999 xx 000 0 und d
082
_a
320.531 Q11G
100
_a
Muammar Al Qadhafi
_9
54636
245
4
_a
The Green Book Muammar Al Qadhafi /
300
_a
189
942
_c
BK
_2
ddc
999
_c
565273
_d
565273